000
00406nam a2200157Ia 4500
001
23729
003
GE_BSU
008
181216s||||||||xx |||||||||||||| ||und||
040
_c
GE_BSU
245
_a
Генетика.№8. 2018
245
_c
Гл. ред. Бозиев Р.С.
653
_a
Генетика. №8. 2018
653
_a
Периодика
653
_a
პერიოდიკა
942
_c
CR
999
_c
56613
_d
56613